000 00458nam a2200193Ia 4500
005 20240823030608.0
008 240823s9999||||xx |||||||||||||| ||und||
020 _a978-02-3032-236-3
041 _aENGLISH
082 _A621.3822 Q1
100 _aBarapate R A
245 0 _aDigital Signal Processing
250 _a1 st
260 _c2011
_b"Macmillan India Ltd,"
500 _aYES
650 _aDigital
_bElectronics
942 _cBK
999 _c189067
_d189067